000 00702nam a2200241Ia 4500
003 OSt
005 20220918192235.0
006 a|||||r|||| 00| 0
007 ta
008 220917b |||||||| |||| 00| 0 eng d
024 _a67,591
037 _cTextual
040 _aARTS
_cARTS
_beng
041 _2eng
_aeng
082 _aR3xM20:g, K8
100 _aSpencer Herbert
_978718
245 0 _aReasons for dissenting from the philosophy of M Comte and other essays ed by donald A Hansen
260 _aBerkeley
_bGlendersary Press
_c1968
300 _avii,86p.
_ccm.
500 _aAppendix 83-86p
942 _hR3xM20:g, K8
_cTEXL
_2CC
999 _c193824
_d193824